Managing and using information systems : (Record no. 31573)

000 -LEADER
fixed length control field 00782nam a2200205 4500
008 - FIXED-LENGTH DATA ELEMENTS--GENERAL INFORMATION
fixed length control field 230530b |||||||| |||| 00| 0 eng d
020 ## - INTERNATIONAL STANDARD BOOK NUMBER
International Standard Book Number 9781119668251
050 ## - LIBRARY OF CONGRESS CALL NUMBER
Classification number HD30.2
Item number .P43 2020
100 ## - MAIN ENTRY--PERSONAL NAME
Personal name Pearlson, Keri E
245 ## - TITLE STATEMENT
Title Managing and using information systems :
Remainder of title a strategic approach /
Statement of responsibility, etc. Keri E. Pearlson, Carol S. Saunders, & Dennis F. Galletta
250 ## - EDITION STATEMENT
Edition statement 7th ed.
Remainder of edition statement EMEA edition
260 ## - PUBLICATION, DISTRIBUTION, ETC. (IMPRINT)
Place of publication, distribution, etc. Hoboken,
Name of publisher, distributor, etc. John Wiley,
Date of publication, distribution, etc. 2020.
300 ## - PHYSICAL DESCRIPTION
Extent xvi,318p. :
Other physical details ill. ;
Dimensions 28 cm
500 ## - GENERAL NOTE
General note Include index
650 ## - SUBJECT ADDED ENTRY--TOPICAL TERM
Topical term or geographic name as entry element COMPUTERS Management Information Systems
650 ## - SUBJECT ADDED ENTRY--TOPICAL TERM
Topical term or geographic name as entry element information technology Management
Form subdivision Knowledge management
General subdivision MIS
700 ## - ADDED ENTRY--PERSONAL NAME
Personal name Saunders, Carol S.;
700 ## - ADDED ENTRY--PERSONAL NAME
Personal name Galletta, Dennis F.
942 ## - ADDED ENTRY ELEMENTS (KOHA)
Source of classification or shelving scheme
Koha item type Hard Covered Materials
Classification part HD30.2 .P43 2020
Holdings
Withdrawn status Lost status Source of classification or shelving scheme Damaged status Not for loan Home library Current library Shelving location Date acquired Source of acquisition Cost, normal purchase price Total Checkouts Full call number Barcode Date last seen Price effective from Koha item type
          MACHAKOS UNIVERSITY LIBRARY MACHAKOS UNIVERSITY LIBRARY Open shelf 10/05/2023 Purchase-UNES 10503.00   HD30.2 .P43 2020 39390 30/05/2023 30/05/2023 Hard Covered Materials
© Machakos University Library, Along The Highway, Machakos Wote Rd, Machakos, Kenya P.O. Box 136 - 90100 Machakos - Kenya

Tel: ( +254 ) 723 805829 OR Fax : 044-20353 OR Email: library@mksu.ac.ke